| 000 | 00665nam a2200205 i 4500 | ||
|---|---|---|---|
| 001 | 110623 | ||
| 003 | ES-MaACL | ||
| 005 | 20230906185116.0 | ||
| 007 | t| | ||
| 008 | 070206s1917 sp |||| | spa d | ||
| 080 | _a821.134.2-32"19" | ||
| 100 | 1 |
_aIglesias Hermida, Prudencio. _965120 |
|
| 245 | 1 | 0 |
_aDe caballista a matador de toros _b: adaptación hecha expresamente para La Novela Corta / _cpor su autor Prudencio Iglesias Hermida. |
| 260 |
_a[Madrid : _bLa Novela Corta, _c1917] |
||
| 300 |
_a[28] p. ; _c20 cm. |
||
| 490 | 1 |
_aLa novela corta ; _v54 |
|
| 830 | 0 |
_aLa novela corta ; _v54 _9182142 |
|
| 852 |
_aES-MaACL _j2213-F-37 |
||
| 999 |
_c110623 _d110623 |
||